جمنا سے زمزم تک (حصہ اول) / (Record no. 170536)

MARC details
000 -LEADER
fixed length control field 00638nam a22001937a 4500
005 - DATE AND TIME OF LATEST TRANSACTION
control field 20191217142742.0
010 ## - LCCN (DPL NO)
LC control number A-998717
020 ## - INTERNATIONAL STANDARD BOOK NUMBER
Terms of availability 500.00
035 ## - SYSTEM CONTROL NUMBER
System control number A-998717
037 ## - SOURCE OF ACQUISITION
Source of stock number/acquisition BPPD/Pub.
082 ## - DEWEY DECIMAL CLASSIFICATION NUMBER
Classification number 841
100 ## - MAIN ENTRY--PERSONAL NAME
Personal name صدیفی ، فادر
245 ## - TITLE STATEMENT
Title جمنا سے زمزم تک (حصہ اول) /
Statement of responsibility, etc قادر صدیقی
246 ## - VARYING FORM OF TITLE
Title proper/short title jamna se Zam Zam Tak vol.I (Urdu) /
Remainder of title by Qadir Siddiqui
260 ## - PUBLICATION, DISTRIBUTION, ETC. (IMPRINT)
Place of publication, distribution, etc لکھنو
Name of publisher, distributor, etc کیف جاوید صیدیقي
Date of publication, distribution, etc 1999 ء
270 ## - ADDRESS
Address 226/80- انوار باغ ۔ سبھاش مارگ
City لکھنو
Postal code 3
300 ## - PHYSICAL DESCRIPTION
Extent 472p.
Dimensions 21cm(Hb)
942 ## - ADDED ENTRY ELEMENTS (KOHA)
Source of classification or shelving scheme Dewey Decimal Classification
Item type Urdu Bks
Classification part 841
Call number suffix ص د ی
Holdings
Withdrawn status Lost status Not for loan Collection code Home library Current library Date acquired Source of acquisition Cost, normal purchase price Full call number Barcode Copy number Cost, replacement price Koha item type
      Non-fiction Central Library Central Library 17/12/2019 BPPD/Ven. 500.00 841 ص د ی A-998717 1 500.00 Urdu Bks

© Delhi Public Library
Hit Counter
free hit counter